[Event "28th Avoine Open"]
[Site "Avoine FRA"]
[Date "2013.07.26"]
[Round "7.37"]
[White "Grollemund,B"]
[Black "Chetrari,Nikita"]
[Result "1-0"]
[WhiteElo "2163"]
[BlackElo "1864"]

1.e4 c5 2.Nf3 Nc6 3.Bb5 g6 4.Bxc6 dxc6 5.O-O Bg7 6.Re1 Nh6 7.d3 f6 8.a4 a5
9.Nbd2 e5 10.Nc4 b6 11.Bd2 O-O 12.Bc3 Nf7 13.b3 Nd6 14.Nfd2 Be6 15.Qf3 Qc7
16.Qe3 Nf7 17.Rf1 Bh6 18.Qe2 Nd6 19.Ne3 b5 20.Nf3 c4 21.bxc4 bxc4 22.Nd2 cxd3
23.cxd3 Qa7 24.Bb2 Rfd8 25.Ba3 Nf7 26.Ndc4 Rd7 27.Rfd1 Rad8 28.Rab1 Kg7 29.Qc2 Bxe3
30.Nxe3 Qa6 31.h3 Rxd3 32.Qc5 Rxd1+ 33.Rxd1 Rxd1+ 34.Nxd1 h5 35.Qf8+ Kh7
36.Qe7 c5 37.Qxf6 Qd6 38.Nc3 Bb3 39.Qf3 Qd4 40.Nd5 Qd1+ 41.Qxd1 Bxd1 42.Bxc5 Bxa4
43.Bb6 Nd6 44.Bxa5 Nxe4 45.Bc7 Kg7 46.Bxe5+ Kf7 47.Nf4 Bc6 48.f3 Ng5 49.Kf2 Ne6
50.Nd3 Bb5 51.Ke3 Ng7 52.Bxg7 Kxg7 53.h4 Kf6 54.Nf2 Bf1 55.g3 Bb5 56.Kf4 Ba6
57.Ne4+ Kg7 58.Kg5 Bb7 59.Nd2 Ba6 60.f4 Be2 61.Nb3 Bg4 62.Nd4 Bd1 63.f5 gxf5
64.Nxf5+ Kf7 65.Nd6+ Kg7 66.Ne8+ Kh7 67.Nf6+ Kg7 68.Nxh5+ Kh7 69.g4 Kh8 70.Nf4 Kg8
71.h5 Kh7 72.Kf5 Kg7 73.g5 Bc2+ 74.Ke6 Bb3+ 75.Ke7 Bd1 76.Ne6+ Kg8 77.h6 Bc2
78.Kf6 Bb1 79.g6 Kh8 80.g7+ Kg8 81.Ng5 Bg6 82.h7+ Bxh7 83.Nxh7  1-0

[Event "15th TCh-Eur Senior"]
[Site "Dresden GER"]
[Date "2013.07.26"]
[Round "7"]
[White "Maryasin,B"]
[Black "Veremeichik,V"]
[Result "1/2-1/2"]
[WhiteElo "2335"]
[BlackElo "2340"]

1.e4 c5 2.Nf3 Nc6 3.Bb5 g6 4.Bxc6 dxc6 5.h3 e5 6.d3 f6 7.Be3 Nh6 8.Nbd2 Nf7
9.a4 a5 10.Nc4 b6 11.O-O Be6 12.Nfd2 Bg7 13.b4 axb4 14.a5 bxa5 15.Bxc5 Bf8
16.Bxf8 Kxf8 17.Ra4 Nd6 18.Nxd6 Qxd6 19.Qa1 Qd8 20.f4 exf4 21.Rxf4 Kg7 22.Nf3 c5
23.g4 Rf8 24.g5 Ra6 25.Kg2 Bd7 26.Ra2 Be6  1/2-1/2

[Event "15th TCh-Eur Senior"]
[Site "Dresden GER"]
[Date "2013.07.26"]
[Round "7"]
[White "Kwatschewsky,L"]
[Black "Beltz,Robert"]
[Result "0-1"]
[WhiteElo "2205"]
[BlackElo "2152"]

1.e4 c5 2.Nf3 Nc6 3.Bb5 g6 4.Bxc6 dxc6 5.d3 Bg7 6.h3 h6 7.Nc3 e5 8.Be3 Qe7
9.a4 b6 10.Qe2 Nf6 11.Nd2 Nh7 12.a5 Rb8 13.axb6 axb6 14.O-O Nf8 15.f4 Ne6
16.f5 Nd4 17.Bxd4 exd4 18.Nd1 Bxf5 19.Qf3 Be6 20.b3 O-O 21.Nf2 h5 22.Ra6 Qb7
23.Raa1 Ra8 24.Nc4 b5 25.Nd6 Qe7 26.Nf5 gxf5 27.exf5 Bd5 28.Qxh5 Rxa1 29.Rxa1 Qe3  0-1

[Event "ch-AUT 2013"]
[Site "Feldkirch AUT"]
[Date "2013.07.26"]
[Round "7.5"]
[White "Wallner,J"]
[Black "Srienz,C"]
[Result "1-0"]
[WhiteElo "2404"]
[BlackElo "2328"]

1.e4 c5 2.Nf3 Nc6 3.Bb5 e6 4.O-O Nge7 5.Re1 a6 6.Bf1 d5 7.exd5 Nxd5 8.d4 Nf6
9.Be3 cxd4 10.Nxd4 Nxd4 11.Bxd4 Bd7 12.c4 Bc6 13.Nc3 Be7 14.Qd3 O-O 15.Rad1 Qc7
16.Be5 Qa5 17.Qg3 Rfd8 18.Bd3 Rd7 19.a3 Qd8 20.b4 Qf8 21.a4 Rdd8 22.b5 axb5
23.axb5 Be8 24.Ne4 Nh5 25.Qf3 f5 26.Nc3 Rd7 27.Be2 Rad8 28.Rxd7 Rxd7 29.Rd1 Rxd1+
30.Bxd1 Bf6 31.Qe3 Qe7 32.h3 Kf8 33.c5 Bxe5 34.Qxe5 Nf6 35.c6 bxc6 36.bxc6 Bxc6
37.Bb3 Bd7 38.Ne2 Ne4 39.Nd4 Nc5 40.Bc4 Bc8 41.Nc6 Nd7 42.Qc7 Qe8 43.Na7  1-0

[Event "65th ch-MNE 2013"]
[Site "Cetinje SRB"]
[Date "2013.07.27"]
[Round "8.1"]
[White "Batricevic,S"]
[Black "Djukic,Ni"]
[Result "0-1"]
[WhiteElo "2237"]
[BlackElo "2543"]

1.e4 c5 2.Nf3 Nc6 3.Bb5 g6 4.O-O Bg7 5.c3 Nf6 6.e5 Nd5 7.d4 cxd4 8.cxd4 O-O
9.Nc3 Nc7 10.Bg5 h6 11.Bh4 g5 12.Bxg5 Nxb5 13.Nxb5 hxg5 14.Nxg5 f6 15.exf6 Rxf6
16.d5 Ne5 17.d6 e6 18.Qb3 Qb6 19.Nc7 Qxb3 20.axb3 Rb8 21.Rxa7 Rg6 22.h4 Nc6
23.Ra2 b6 24.Ra8 Rxa8 25.Nxa8 Bd4 26.Nc7 Bb7 27.Nb5 Bc5 28.Rd1 Ne5 29.b4 Bxb4
30.Ra1 Bc6 31.Nd4 Bxd6 32.Nxc6 Nxc6 33.Rd1 e5  0-1

[Event "Sparkassen Open A 2013"]
[Site "Dortmund GER"]
[Date "2013.07.27"]
[Round "1.19"]
[White "Kozlov,Alex GER"]
[Black "Simon,Th"]
[Result "1-0"]
[WhiteElo "2172"]
[BlackElo "1938"]

1.e4 c5 2.Nf3 Nc6 3.Bb5 g6 4.c3 Nf6 5.Qe2 Bg7 6.O-O O-O 7.d4 cxd4 8.cxd4 d5
9.e5 Ne4 10.Nc3 Bf5 11.Be3 Nxc3 12.bxc3 a6 13.Bxc6 bxc6 14.Nh4 Bd7 15.Rfd1 Qa5
16.Qd2 Rab8 17.Bg5 Qa3 18.Qc1 Qxc1 19.Bxc1 Bg4 20.f3 Be6 21.g3 c5 22.Ba3 cxd4
23.cxd4 Rb7 24.Ng2 Rc8 25.Rac1 Bh6 26.Nf4 Bxf4 27.gxf4 Rcb8 28.Rc3 Kf8 29.Rdc1 Ke8
30.Rc6 Rb6 31.Rc7 R6b7 32.Kg2 h5 33.Kg3 Bd7 34.Kh4 Kd8 35.R7c5 Be6 36.f5 gxf5
37.Kxh5 Kd7 38.Kg5 Rg8+ 39.Kf4 Rh8 40.Kg3 Rg8+ 41.Kf2 Rh8 42.Kg2 Rh4 43.Rd1 f4
44.Kh1 Rh3 45.Rf1 Rb5 46.Rxb5 axb5 47.Bc1 Rh4 48.Bd2 Bf5 49.Rg1 Rh3 50.Rf1 Rh4
51.Rf2 Ke6 52.Kg1 Bd3 53.Rg2 f6 54.exf6 Kxf6 55.Rg4 Rxg4+ 56.fxg4 e5 57.Kf2 e4
58.Bxf4 b4 59.Bd2 Bb1 60.Bxb4 Bxa2  1-0

[Event "15th TCh-Eur Senior"]
[Site "Dresden GER"]
[Date "2013.07.27"]
[Round "8"]
[White "Grabitz,G"]
[Black "Kivipelto,KE"]
[Result "0-1"]
[WhiteElo "2067"]
[BlackElo "2186"]

1.e4 c5 2.Nf3 Nc6 3.Bb5 g6 4.Bxc6 dxc6 5.h3 Bg7 6.d3 e5 7.Be3 b6 8.Qd2 h6
9.g4 Ne7 10.Nc3 Be6 11.a4 a5 12.Ne2 Qc7 13.Ng3 Rd8 14.Qc1 c4 15.Ra3 cxd3
16.cxd3 c5 17.O-O Nc6 18.g5 Bxh3 19.gxh6 Bf6 20.Re1 Nb4 21.Bg5 Qe7 22.Bxf6 Qxf6
23.Re3 Rxh6 24.Nh2 Be6 25.Nhf1 Qg5 26.Rc3 Na2 27.Qb1 Nxc3 28.bxc3 Rd6 29.Qb5+ Bd7
30.Qc4 Qe7 31.Re1 Be6 32.Qb5+ Qd7 33.Qa6 Qc8 34.Qb5+ Qc6 35.Qb1 Rh8 36.Qc2 Bd7
37.Ra1 c4 38.dxc4 Be6 39.Ne3 Bxc4 40.Rd1 Rxd1+ 41.Qxd1 Be6 42.Nd5 Bxd5 43.exd5 Qxc3
44.d6 Qd4  0-1

[Event "Politiken Cup 2013"]
[Site "Helsingor DEN"]
[Date "2013.07.27"]
[Round "1.36"]
[White "Arvola,B"]
[Black "Bendixen,D"]
[Result "1-0"]
[WhiteElo "2347"]
[BlackElo "1885"]

1.e4 c5 2.Nf3 Nc6 3.Bb5 d6 4.O-O e5 5.c3 Nf6 6.d4 exd4 7.cxd4 a6 8.Bxc6+ bxc6
9.dxc5 dxc5 10.Qa4 Qc7 11.Bf4 Qb6 12.Nbd2 Be7 13.Ne5 Qb5 14.Qc2 Be6 15.Ndc4 Rc8
16.a4 Qb4 17.a5 Bxc4 18.Nxc4 O-O 19.Ra4 Qb5 20.Bd6 Rfe8 21.Bxe7 Nxe4 22.Nb6 Rc7
23.Rxe4  1-0

[Event "Politiken Cup 2013"]
[Site "Helsingor DEN"]
[Date "2013.07.27"]
[Round "1.46"]
[White "Englert,F"]
[Black "Alfven,Jorgen"]
[Result "1-0"]
[WhiteElo "2282"]
[BlackElo "1851"]

1.e4 c5 2.Nf3 Nc6 3.Bb5 Nf6 4.Bxc6 dxc6 5.d3 g6 6.Nc3 Bg7 7.h3 Qc7 8.Be3 b6
9.Qd2 e5 10.O-O-O h6 11.g4 g5 12.Ng1 Be6 13.Nge2 O-O-O 14.Ng3 c4 15.f3 cxd3
16.cxd3 Ne8 17.h4 f6 18.Qc2 Kb7 19.Kb1 Nd6 20.Rc1 Rc8 21.Qa4 a6 22.Rh2 Nb5
23.Nf5 Bxf5 24.gxf5 Rhd8 25.Nd5 Qd6 26.Rhc2 cxd5 27.Rxc8 Rxc8 28.Rxc8 Kxc8
29.Qxa6+ Kc7 30.Qxb5 d4 31.Bf2 Kb7 32.hxg5 fxg5 33.Qe8 Bf6 34.Be1 Qc6 35.Qf7+ Ka6
36.b3 g4 37.fxg4 b5 38.Qe6 Qxe6 39.fxe6 Be7 40.Bd2 Kb6 41.Bxh6 Kc6 42.Bd2 Bc5
43.Bg5 Kd6 44.e7 Kd7 45.Bf6  1-0

[Event "Politiken Cup 2013"]
[Site "Helsingor DEN"]
[Date "2013.07.27"]
[Round "1.48"]
[White "Schmidt,Kr"]
[Black "Rendlev,N"]
[Result "1-0"]
[WhiteElo "2272"]
[BlackElo "1843"]

1.e4 c5 2.Nf3 Nc6 3.Bb5 a6 4.Bxc6 dxc6 5.h3 g6 6.O-O Bg7 7.d3 Nf6 8.Nc3 b5
9.Be3 Nd7 10.Qd2 O-O 11.Bh6 Qc7 12.Rfe1 e5 13.a4 b4 14.Nd1 a5 15.Bxg7 Kxg7
16.Ne3 Nb6 17.b3 Be6 18.Nh2 h5 19.Nf5+ Bxf5 20.exf5 Nd5 21.Nf3 Rae8 22.Qg5 Qe7
23.Qxe7 Rxe7 24.Rxe5 Rfe8 25.Rae1 gxf5 26.Rxe7 Rxe7 27.Rxe7 Nxe7 28.Ne5 Kf6
29.Nc4 Ke6 30.Kf1 Kd5 31.Ke2 Kd4 32.Nxa5 Kc3 33.Kd1 f4 34.Nb7 Kd4 35.a5 Nc8
36.Nd8  1-0

[Event "III Brazil Maringa Open"]
[Site "Maringa BRA"]
[Date "2013.07.27"]
[Round "6.27"]
[White "Souza,R"]
[Black "Martins,Anderson Donay"]
[Result "1-0"]
[WhiteElo "2144"]
[BlackElo "1910"]

1.e4 c5 2.Nf3 Nc6 3.Bb5 g6 4.O-O Bg7 5.Re1 Qa5 6.Bf1 Nf6 7.Na3 O-O 8.c3 d5
9.e5 Ne8 10.h3 d4 11.cxd4 cxd4 12.Nb5 a6 13.Nbxd4 Nxe5 14.Nxe5 Bxe5 15.Nf3 Bf6
16.d4 Be6 17.Bd2 Qb6 18.Bc3 Bd5 19.Ne5 Rd8 20.Qa4 Bc6 21.Qa3 Qa7 22.Nxc6 bxc6
23.Qxa6 Qxa6 24.Bxa6 Bxd4 25.Bxd4 Rxd4 26.Rxe7 Rd2 27.b3 Nf6 28.Bc4 Nd5 29.Rd7 Kg7
30.a4 Ra8 31.a5 Rd4 32.a6 Re4 33.Rxd5 Rxc4 34.bxc4 cxd5 35.cxd5 Ra7 36.Kf1 Kf6
37.f4 Ke7 38.Ke2 Kd6 39.Ra5 h6 40.g4 f5 41.gxf5 gxf5 42.Kd3 h5 43.h4 Kd7
44.Kc4 Kd6 45.Kd4 Re7 46.a7 Rxa7 47.Rc5 Rg7 48.Rc6+ Kd7 49.Rh6 Rg4 50.Rxh5 Rxf4+
51.Ke5 Re4+ 52.Kxf5 Re1 53.Rg5 Ke7 54.Kg6 Rf1 55.h5 Rf6+ 56.Kh7 Kf7 57.Re5 Kf8
58.h6 Kf7 59.Re4 Kf8 60.Rd4 Rd6 61.Rf4+ Ke8 62.Rf5 Rd7+ 63.Kg8 Rd6 64.Re5+ Kd7
65.h7 Rg6+ 66.Kf7 Rh6 67.Kg7  1-0

[Event "Czech Open A 2013"]
[Site "Pardubice CZE"]
[Date "2013.07.27"]
[Round "9.3"]
[White "Chernyshov,K"]
[Black "Kononenko,Dmitry1"]
[Result "1/2-1/2"]
[WhiteElo "2514"]
[BlackElo "2610"]

1.e4 c5 2.Nf3 Nc6 3.Bb5 e6 4.Bxc6 bxc6 5.O-O Ne7 6.d3 Ng6 7.Nc3 Be7 8.Ne2 O-O
9.Nf4 Nxf4 10.Bxf4 f6 11.Nd2 e5 12.Be3 d6 13.b3 f5 14.exf5 Bxf5 15.f3 Bg5
16.Qe1 Be6 17.Bxg5 Qxg5 18.Ne4 Qe7 19.Qc3 Bd5 20.Rae1 Rf4  1/2-1/2

[Event "65th ch-MNE 2013"]
[Site "Cetinje SRB"]
[Date "2013.07.28"]
[Round "9.10"]
[White "Stamatovic,V"]
[Black "Scekic,V"]
[Result "0-1"]
[WhiteElo "1889"]
[BlackElo "2181"]

1.e4 c5 2.Nf3 Nc6 3.Bb5 g6 4.O-O Bg7 5.Re1 e5 6.Nc3 Nge7 7.a4 O-O 8.d3 d6
9.Bg5 Be6 10.Ne2 h6 11.Be3 Nd4 12.Bc4 Nxf3+ 13.gxf3 Bh3 14.Kh1 Kh7 15.Rg1 Rc8
16.Rg3 Bd7 17.Qd2 f5 18.f4 Bc6 19.f3 fxe4 20.dxe4 d5 21.exd5 Bxd5 22.Bxd5 Qxd5
23.fxe5 Qxd2 24.Bxd2 Bxe5 25.Rh3 h5 26.c3 Nf5 27.Bg5 Rce8 28.Rd1 Rf7 29.Rd2 Bf6
30.f4 Bxg5 31.fxg5 Ne3 32.Ng3 Nc4 33.Re2 Rxe2 34.Nxe2 Nxb2 35.Re3 Nxa4 36.Ng3 Nb6
37.Re8 Nd5 38.Ne4 Re7 39.Rd8 Rxe4 40.Rxd5 Re7 41.Rxc5 Kg7 42.Kg2 Kf7 43.Kf3 Ke6
44.h4 Kd6 45.Rc8 Kd5 46.c4+ Kd6 47.Kf4 Re6 48.Rf8 a5 49.Rd8+ Kc7 50.Rd5 Ra6
51.Ke5 a4 52.Rd2 a3 53.Ra2 Kc6 54.Kd4 b5 55.cxb5+ Kxb5 56.Ke5 Kb4  0-1

[Event "Politiken Cup 2013"]
[Site "Helsingor DEN"]
[Date "2013.07.28"]
[Round "3.119"]
[White "Knudsen,JesW"]
[Black "Yilmaz,Kazim"]
[Result "1-0"]
[WhiteElo "1886"]
[BlackElo "1651"]

1.e4 c5 2.Nf3 Nc6 3.Bb5 Nd4 4.Nxd4 cxd4 5.O-O Qc7 6.Re1 e5 7.a4 Nf6 8.Na3 a6
9.Bf1 d6 10.c3 dxc3 11.dxc3 Be7 12.Nc4 Be6 13.b3 O-O 14.Ba3 Rad8 15.Qc2 Bxc4
16.bxc4 Nd7 17.a5 Nc5 18.Bb4 g6 19.g4 Ne6 20.Rad1 Nf4 21.Rd2 Rd7 22.Red1 Rdd8
23.Qa4 f5 24.Qa3 fxg4 25.Bxd6 Bxd6 26.Rxd6 Rxd6 27.Rxd6 Rd8 28.c5 Rc8 29.c6 bxc6
30.Qc5 Qe7 31.Bc4+ Kg7 32.Bxa6 Rc7 33.Bf1 h5 34.a6 Nh3+ 35.Bxh3 gxh3 36.f4 exf4
37.Qd4+ Kh7 38.Kf1 Qg5 39.Rd7+ Rxd7 40.Qxd7+ Kh6 41.Qd2 Qb5+ 42.Qe2 Qb1+
43.Kf2 Qb6+ 44.Kf3 g5 45.e5 Qc5 46.Qd3 Qxe5 47.Qd4 g4+ 48.Kf2 g3+ 49.hxg3 fxg3+
50.Kf3 Qc7 51.Qf6+ Kh7 52.Qf5+ Kh6 53.Qxh3 Qf7+ 54.Kxg3 Qg7+ 55.Kf2 Qf6+
56.Ke2 Qe5+ 57.Qe3+  1-0

[Event "31st Andorra Open"]
[Site "La Massana AND"]
[Date "2013.07.28"]
[Round "9.16"]
[White "Riff,JN"]
[Black "Sanchez Jerez,E"]
[Result "1-0"]
[WhiteElo "2427"]
[BlackElo "2215"]

1.e4 c5 2.Nf3 Nc6 3.Bb5 g6 4.O-O Bg7 5.Nc3 Nf6 6.e5 Ng4 7.Bxc6 dxc6 8.Re1 O-O
9.d3 Nh6 10.h3 f6 11.Bf4 g5 12.exf6 exf6 13.Be3 b6 14.Ne4 g4 15.hxg4 Bxg4
16.Qd2 Nf5 17.Nh2 Nxe3 18.Qxe3 f5 19.Nxg4 fxg4 20.c3 Qd7 21.Qg5 Kh8 22.Re3 Rae8
23.Rg3 c4 24.Qxg4 Qxg4 25.Rxg4 cxd3 26.Rd1 Rd8 27.Rg3 d2 28.Rxd2 Bh6 29.Rdd3 Bf4
30.Rgf3 Rde8 31.Nd2 Re2 32.g3 Bh6 33.Rxf8+ Bxf8 34.Kf1 Re6 35.Rd7 a5 36.Nf3 Rf6
37.Ng5 Bc5 38.Rxh7+ Kg8 39.f4 Rd6 40.Re7 Kf8 41.Re2 Kg8 42.Ne4 Rd1+ 43.Re1  1-0

[Event "5th Rethymno Open"]
[Site "Rethymno GRE"]
[Date "2013.07.28"]
[Round "1.20"]
[White "Markidis,K"]
[Black "Yarur Elsaca,D"]
[Result "1-0"]
[WhiteElo "2376"]
[BlackElo "1633"]

1.e4 c5 2.Nf3 Nc6 3.Bb5 g6 4.c3 Bg7 5.d4 cxd4 6.cxd4 Nf6 7.Nc3 O-O 8.d5 Nb8
9.O-O a6 10.Bd3 d6 11.h3 b5 12.a3 e6 13.dxe6 fxe6 14.Be3 Nc6 15.Rc1 Bb7 16.Bb1 Na5
17.Nd4 Qd7 18.Ba2 Nc4 19.Bxc4 bxc4 20.f3 d5 21.e5 Nh5 22.f4 Ng3 23.Rf2 Nf5
24.Nxf5 Rxf5 25.Ne2 Rc8 26.Nd4 Rf7 27.Qg4 Re7 28.Bd2 Ree8 29.Bb4 Ra8 30.h4 a5
31.Bc3 a4 32.Bb4 Bc8 33.h5 gxh5 34.Qxh5 Qf7 35.Qe2 Bh6 36.Rc3 Kh8 37.Rh3 Bg7
38.Nb5 Qg6 39.Nc7 Ba6 40.Nxa8 Rxa8 41.Qe3 Rg8 42.Rg3 d4 43.Qf3 Qb1+ 44.Kh2 Qf5
45.Rg5 Qf7 46.Qe4 d3 47.Kg1 Rd8 48.Rg3 Qa7 49.Qe3 Qxe3 50.Rxe3 Kg8 51.Rd2 Bh6
52.g3 Rd7 53.Kf2 Bb7 54.Re1 Kf7 55.Ke3 Kg6 56.Bd6 Kf5 57.Rh2 Kg6 58.Rf1 Rf7
59.Rh4 Bf8 60.Rg4+ Kh5 61.Rg5+ Kh6 62.Rf2 d2  1-0

[Event "9th Tabor Open 2013"]
[Site "Tabor CZE"]
[Date "2013.07.28"]
[Round "1.32"]
[White "Toman,Ondrej"]
[Black "Mesicek,Josef"]
[Result "1-0"]
[WhiteElo "2061"]
[BlackElo "1672"]

1.e4 c5 2.Nf3 Nc6 3.Bb5 Qc7 4.O-O e6 5.Nc3 Nge7 6.d4 cxd4 7.Nxd4 Nxd4 8.Qxd4 Nc6
9.Bxc6 bxc6 10.Re1 Qb6 11.Qxb6 axb6 12.Be3 b5 13.e5 Be7 14.Ne4 O-O 15.Bc5 Bxc5
16.Nxc5 f6 17.Red1 Ra7 18.c3 fxe5 19.Rd6 Kf7 20.a3 Ke7 21.Rad1 Rf4 22.f3 Rd4
23.Rxe6+ dxe6 24.cxd4 Kd6 25.Ne4+ Kd5 26.dxe5+ Kxe5 27.Rd8 Rc7 28.Nc5 h6
29.Kf2 Kf6 30.Ke3 Ke7 31.Rd2 Kf6 32.Ke4 h5 33.f4 g6 34.g3 Re7 35.Rd6 Rc7
36.h3 b4 37.a4 Ra7 38.Rxc6 Bb7 39.Nxb7 Rxb7 40.a5 b3 41.a6 Rb4+ 42.Kd3 Kf5
43.Rc5+ Kf6 44.Ra5 Rb8 45.a7  1-0

[Event "Sparkassen Open A 2013"]
[Site "Dortmund GER"]
[Date "2013.07.29"]
[Round "3.22"]
[White "Schorra,H"]
[Black "Werrn,P"]
[Result "1-0"]
[WhiteElo "2083"]
[BlackElo "1970"]

1.e4 c5 2.Nf3 Nc6 3.Bb5 g6 4.O-O Bg7 5.Re1 Nf6 6.c3 O-O 7.d3 d6 8.h3 Bd7
9.a4 a6 10.Bc4 e5 11.Nbd2 Nh5 12.Nf1 Kh8 13.Be3 Qe8 14.Ng3 f5 15.Nxh5 gxh5
16.exf5 Bxf5 17.Nh4 Bd7 18.Bd5 Bf6 19.Nf3 Qg6 20.Kh1 Rae8 21.Qd2 Bg7 22.Be4 Qf6
23.Ng5 Bf5 24.Bxf5 Qxf5 25.Ne4 Qg6 26.f3 b6 27.c4 Nd4 28.Qf2 Bh6 29.Bxh6 Qxh6
30.Rab1 a5 31.Nc3 Rf7 32.Nd5 Ref8 33.Qe3 Qg6 34.Red1 Rxf3 35.gxf3 Rxf3 36.Rg1 Qe6
37.Qxf3 Nxf3 38.Rg3 e4 39.dxe4 Qxe4 40.Rg8+ Kxg8 41.Nf6+  1-0

[Event "Politiken Cup 2013"]
[Site "Helsingor DEN"]
[Date "2013.07.29"]
[Round "4.53"]
[White "Heedt,T"]
[Black "Rolvaag,B"]
[Result "0-1"]
[WhiteElo "2173"]
[BlackElo "1988"]

1.Nf3 c5 2.e4 Nc6 3.Bb5 g6 4.O-O Bg7 5.c3 a6 6.Bxc6 dxc6 7.d3 Nf6 8.e5 Nd5
9.Qe2 O-O 10.c4 Nc7 11.Be3 Bg4 12.Nbd2 Ne6 13.h3 Bxf3 14.Nxf3 Qc7 15.Bd2 Rad8
16.Rad1 Rd7 17.Bc3 Rfd8 18.Qe4 b5 19.b3 b4 20.Ba1 Qa5 21.Ne1 Qxa2 22.f4 Qxb3
23.Rd2 Bh6 24.Rb2 Qa4 25.f5 Qxa1 26.fxe6 Qxb2 27.exf7+ Kf8 28.Nf3 Rd4 29.Qxc6 Rxd3
30.Kh1 Be3 31.Nh4 Rd1 32.Qf3 Rxf1+ 33.Qxf1 Qc1 34.Qxc1 Bxc1 35.e6 Rd6 36.Nf3  0-1

[Event "Politiken Cup 2013"]
[Site "Helsingor DEN"]
[Date "2013.07.29"]
[Round "4.112"]
[White "Roggensack,Hans Peter"]
[Black "Nielsen,Leo"]
[Result "1-0"]
[WhiteElo "1950"]
[BlackElo "1752"]

1.e4 c5 2.Nf3 Nc6 3.Bb5 a6 4.Bxc6 dxc6 5.d3 Bg4 6.Nbd2 g6 7.O-O Bg7 8.h3 Be6
9.Ng5 Qd7 10.Nxe6 Qxe6 11.Nb3 b6 12.Qe2 Nf6 13.a4 a5 14.Nd2 Nd7 15.Nc4 O-O
16.Bd2 f5 17.f4 fxe4 18.Qxe4 Qxe4 19.dxe4 Ra6 20.e5 Rfa8 21.Rad1 b5 22.Nxa5 b4
23.Nc4 Rxa4 24.Be3 b3 25.cxb3 Rxc4 26.bxc4 Nb6 27.b3 Ra3 28.Bxc5 Rxb3 29.Rd8+ Kf7
30.Rb8  1-0

[Event "5th Rethymno Open"]
[Site "Rethymno GRE"]
[Date "2013.07.29"]
[Round "2.27"]
[White "Vozinaki,Anthi - Maria"]
[Black "Phadke,So1"]
[Result "0-1"]
[WhiteElo "1514"]
[BlackElo "2211"]

1.e4 c5 2.Nf3 Nc6 3.Bb5 e6 4.O-O a6 5.Bxc6 bxc6 6.e5 f6 7.Nc3 fxe5 8.Nxe5 Nf6
9.Re1 Qc7 10.b3 Be7 11.Bb2 O-O 12.f4 d6 13.Nf3 c4 14.Qe2 Qa7+ 15.Qe3 cxb3
16.axb3 c5 17.h3 d5 18.Qe5 Bd8 19.Nb5 Qb6 20.Nd6 Bd7 21.Bc3 a5 22.f5 Bc7
23.fxe6 Bxd6 24.Qg5 d4 25.Bxa5 Rxa5 26.Rxa5 Qxa5 27.exd7 Qc7 28.Qf5 Qxd7
29.Qxd7 Nxd7  0-1

[Event "9th Tabor Open 2013"]
[Site "Tabor CZE"]
[Date "2013.07.29"]
[Round "2.8"]
[White "Weinzettl,E"]
[Black "Hlavac,R"]
[Result "1-0"]
[WhiteElo "2298"]
[BlackElo "1997"]

1.e4 c5 2.Nf3 Nc6 3.Bb5 g6 4.Bxc6 dxc6 5.d3 Bg7 6.h3 e5 7.Be3 Qe7 8.Qd2 Nf6
9.a4 b6 10.a5 Rb8 11.Qc3 Nh5 12.axb6 axb6 13.g4 Qf6 14.Nbd2 Nf4 15.Nc4 Nxd3+
16.Qxd3 Qxf3 17.Nd6+ Kf8 18.Nxc8 Ke8 19.Ra7  1-0

[Event "Helmut-Kohls-Turnier"]
[Site "Dortmund GER"]
[Date "2013.07.30"]
[Round "4.4"]
[White "Bok,B"]
[Black "Nalbandian,T"]
[Result "1-0"]
[WhiteElo "2532"]
[BlackElo "2434"]

1.e4 c5 2.Nf3 Nc6 3.Bb5 g6 4.Bxc6 dxc6 5.d3 Bg7 6.h3 Nf6 7.Nc3 O-O 8.Be3 b6
9.Qd2 e5 10.Bh6 Qd6 11.Nh2 Re8 12.Bxg7 Kxg7 13.Ng4 Ng8 14.O-O-O Be6 15.g3 Rad8
16.f4 f6 17.f5 gxf5 18.exf5 Bxf5 19.Rdf1 Bg6 20.h4 h5 21.Ne3 e4 22.g4 exd3
23.gxh5 dxc2 24.Qg2 Rxe3 25.Qxg6+ Kh8 26.Qxc2 Qe5 27.Kb1 Qxh5 28.Ka1 Rd4
29.Qg2 Rg4 30.Qxc6 Qe5 31.Rc1 Rgg3 32.Qb5 Rh3 33.Rhg1 Rxh4 34.Qd7 Qe7 35.Qd5 Qh7
36.Qd8 Reh3 37.Nd5 Rd4 38.Qa8 Rhd3 39.Nxf6 Rd8 40.Rxg8+ Rxg8 41.Nxg8  1-0

[Event "Politiken Cup 2013"]
[Site "Helsingor DEN"]
[Date "2013.07.30"]
[Round "5.23"]
[White "Arvola,B"]
[Black "Eriksson,C"]
[Result "1/2-1/2"]
[WhiteElo "2347"]
[BlackElo "2143"]

1.e4 c5 2.Nf3 Nc6 3.Bb5 g6 4.O-O Bg7 5.c3 e5 6.Na3 Nge7 7.Nc4 O-O 8.d3 d6
9.Be3 a6 10.Bxc6 Nxc6 11.a4 Rb8 12.b4 cxb4 13.cxb4 b5 14.axb5 Rxb5 15.Bg5 f6
16.Bd2 d5 17.Ne3 Ne7 18.Qc2 Bb7 19.Rfc1 Qd7 20.Qc7 Rd8 21.Be1 Kf8 22.Nd2 Ke8
23.Nb3 Bh6 24.Qxd7+ Rxd7 25.Nc5 Rc7 26.Rd1 Bxe3 27.fxe3 Bc8 28.d4 Rb6 29.dxe5 dxe4
30.Rd6 Rcc6 31.Rad1 fxe5 32.Rd8+ Kf7 33.Nxe4 Bf5 34.Ng5+ Kg7 35.Bg3 Rb5 36.Re8 Rc7
37.h3 h6 38.Nf3 Kf7 39.Rdd8 Rc1+ 40.Kh2 Nc6 41.Rf8+ Ke6 42.Rc8 Kd5 43.Rc7 Rc2
44.Re8 Kd6 45.Rf7 Be4 46.Be1 Re2 47.Bc3 Rc2 48.Be1 Re2 49.Bc3 a5 50.bxa5 Rb3
51.Ba1 Ra3 52.Bxe5+ Nxe5 53.Rf6+ Kc7 54.Rxe5 Raxe3 55.Rf7+ Kd6 56.Rf6+ Kd7
57.Rf7+ Kd6 58.Rf6+ Kd7 59.Rxe4 Rxe4 60.Rxg6 Re6 61.Rg7+ Re7 62.Rg6 R7e6
63.Rg3 Ra2 64.Nd4 Rf6 65.Nb3 Kc6 66.h4 Kb5 67.Kh3 Kb4 68.Nd4 Rxa5 69.Rg4 Ra3+
70.g3 Kc5 71.Ne2 Kd6 72.h5 Ke7 73.Rb4 Ra7 74.Nf4 Kf7 75.Kh4 Rfa6 76.Rb8 Ra4
77.Kg4 Kg7 78.Rc8 Kh7 79.Kf5 R4a5+ 80.Kf6 R5a6+ 81.Ne6 Rb7 82.Re8 Rg7 83.g4 Rxe6+
84.Rxe6 Rxg4 85.Re7+ Kh8 86.Kf5 Rg5+ 87.Kf6 Rg2  1/2-1/2

[Event "XXII TCh-MKD 2013"]
[Site "Struga MKD"]
[Date "2013.07.30"]
[Round "2.1"]
[White "Kacakovski,D"]
[Black "Stamenkov,V"]
[Result "0-1"]
[WhiteElo "2131"]
[BlackElo "2313"]

1.e4 c5 2.Nf3 Nc6 3.Bb5 g6 4.Bxc6 dxc6 5.d3 Bg7 6.h3 Nf6 7.Nc3 Nd7 8.Be3 e5
9.Qd2 h6 10.O-O f5 11.exf5 gxf5 12.Rae1 Kf7 13.g3 Qf6 14.Nh2 Qg6 15.Kh1 Nf8
16.g4 fxg4 17.hxg4 h5 18.g5 Bh3 19.Rg1 Ne6 20.Ne4 Rad8 21.Rg3 Bf5 22.Nxc5 Nxc5
23.Bxc5 b6 24.Bb4 Rhe8 25.Bc3 h4 26.Rgg1 c5 27.Ng4 c4 28.Nxe5+ Bxe5 29.Rxe5 Rxe5
30.Bxe5 cxd3 31.Bf6 Rd7 32.cxd3 Rxd3 33.Qb4 Be4+ 34.Kh2 Kg8 35.Re1 Rh3+ 36.Kxh3 Qf5+
37.Kxh4 Qxf2+ 38.Kh5 Qf3+ 39.Kh4 Qf4+ 40.Kh5 Qf3+ 41.Kh4 Qf2+ 42.Kh5 Bf3+
43.Kg6 Qc2+ 44.Re4 Bxe4+ 45.Kh5 Bf3+  0-1

[Event "Politiken Cup 2013"]
[Site "Helsingor DEN"]
[Date "2013.07.31"]
[Round "6.84"]
[White "Svedberg,H"]
[Black "Larsen,Preben R."]
[Result "1-0"]
[WhiteElo "2011"]
[BlackElo "1836"]

1.e4 c5 2.Nf3 Nc6 3.Bb5 a6 4.Bxc6 dxc6 5.b3 Bg4 6.Bb2 e6 7.d3 Nf6 8.Nbd2 Qc7
9.h3 Bh5 10.g4 Bg6 11.Ne5 O-O-O 12.Qe2 Nd7 13.Ndf3 f6 14.Nxg6 hxg6 15.e5 Be7
16.O-O-O f5 17.g5 Rh5 18.h4 Rdh8 19.Qe3 Qd8 20.Rhg1 Kb8 21.Kb1 Qc7 22.c4 Rd8
23.Bc3 b6 24.Kc2 Kb7 25.a3 Rhh8 26.Rh1 Rh5 27.Rh3 Nf8 28.Ne1 f4 29.Qxf4 Bxg5
30.Qg3 Be7 31.f4 Rd7 32.Ng2 Rd8 33.Rhh1 Rd7 34.Qg4 Qd8 35.Rh3 Ka7 36.Qg3 Kb7
37.Qf2 Rf5 38.Qg3 Rh5 39.Rhh1 Kc7 40.Kb2 Kb7 41.Kc2 Kc7 42.Bd2 Kb7 43.Be3 Kc7
44.Bf2 Kb7 45.Qe3 Nh7 46.Rhe1 Nf8 47.Re2 Rf5 48.Red2 Qc7 49.Qe4 Ka7 50.Ne1 Rh5
51.Nf3 Kb7 52.Kc3 Rh8 53.Ng5 Rh5 54.Nf3 Rh8 55.Rb1 Kc8 56.b4 cxb4+ 57.axb4 Kd8
58.Ra2 c5 59.bxc5 Bxc5 60.d4 Be7 61.Rxa6 Ke8 62.Raxb6 Qa7 63.Rb8+ Kf7 64.Ra8 Qc7
65.Ng5+ Kg8 66.Rbb8 Rh5 67.Rxf8+ Bxf8 68.Rxf8+  1-0

[Event "9th Ribeira Valley Open 2013"]
[Site "Registro BRA"]
[Date "2013.07.31"]
[Round "3.9"]
[White "Fernandez,Dani"]
[Black "Souza,R"]
[Result "1-0"]
[WhiteElo "2405"]
[BlackElo "2135"]

1.e4 c5 2.Nf3 Nc6 3.Bb5 g6 4.O-O Bg7 5.Re1 Nf6 6.e5 Nd5 7.Nc3 Nc7 8.Bxc6 dxc6
9.h3 O-O 10.d3 h6 11.Qe2 Be6 12.Qe4 Qd7 13.Qh4 g5 14.Qg3 f5 15.exf6 exf6
16.h4 g4 17.Nh2 Nd5 18.Nxd5 cxd5 19.Bf4 b6 20.Qe3 Kf7 21.Bxh6 d4 22.Qxe6+ Qxe6
23.Rxe6 Kxe6 24.Bxg7 Rg8 25.Bh6 Kf5 26.Bd2 Rae8 27.Nf1 Kg6 28.Ng3 f5 29.h5+ Kf6
30.a4 a6 31.Bf4 Re6 32.Kf1 Rc8 33.b3 Rce8 34.f3 R8e7 35.Kf2 gxf3 36.gxf3 Kg7
37.h6+ Kg6  1-0

[Event "5th Rethymno Open"]
[Site "Rethymno GRE"]
[Date "2013.07.31"]
[Round "5.13"]
[White "Kalogridakis,Georgios"]
[Black "Goumas,G"]
[Result "0-1"]
[WhiteElo "2058"]
[BlackElo "2381"]

1.e4 c5 2.Nf3 Nc6 3.Bb5 g6 4.O-O Bg7 5.c3 Nf6 6.Re1 O-O 7.d4 cxd4 8.cxd4 d5
9.e5 Ne4 10.Nbd2 Bf5 11.Bxc6 bxc6 12.h3 Qb6 13.g4 Nxd2 14.Nxd2 Be4 15.Nb3 f5
16.f3 Bxe5 17.fxe4 fxe4 18.Be3 Rf3 19.Qxf3 exf3 20.dxe5 Qb4 21.Kf2 h5 22.Rad1 hxg4
23.hxg4 Qxg4 24.Rg1 Qh4+ 25.Kxf3 Qh5+ 26.Kf2 Rf8+ 27.Ke1 Qxe5 28.Ke2 Rf6
29.Rg5 Qxb2+ 30.Rd2 Qb1 31.Rg1 Qe4 32.Rd4 Qc2+ 33.Rd2 Qe4 34.Rd4 Qc2+ 35.Rd2 Qc4+
36.Kd1 e5 37.Bc5 a5 38.Rc2 Rf1+ 39.Rxf1 Qxf1+ 40.Kd2 a4 41.Nc1 Qf4+ 42.Be3 Qb4+
43.Ke2 Qg4+ 44.Ke1 d4 45.Bf2 Qe4+ 46.Re2 Qf5 47.Kd2 c5  0-1